Länder mit den meisten Sprachen - Statistiken

Allgemein
  • Dieses Quiz wurde 380 mal gespielt
  • Das Durchschnittsergebnis liegt bei 12 aus 20
Antwortstatistiken
# Land % Korrekt
301 China
95%
454 Indien
89%
347 Vereinigte Staaten
88%
155 Russland
86%
227 Brasilien
80%
709 Indonesien
77%
164 Kanada
77%
290 Mexiko
72%
259 Australien
69%
212 Dem Rep Kongo
67%
840 Papua-Neuguinea
60%
527 Nigeria
59%
191 Philippinen
53%
145 Malaysia
51%
126 Tansania
37%
118 Birma
36%
280 Kamerun
29%
132 Tschad
29%
124 Nepal
23%
117 Vanuatu
6%
Keine übereinstimmenden Quizze gefunden
Verteilung der Resultate
Anzahl Personen mit jedem Resultat
Perzentil nach korrekt beantworteten Fragen
Ihre Resultats-Entwicklung
Sie haben dieses Quiz noch nicht gespielt